000
00272nam a2200097Ia 4500
001
852401
005
20250826174513.0
008
250824s9999 xx 000 0 und d
245
0
_a
MACERA GEÇİDİ: GOL KRALI KAÇIRILDI
_c
TUNCEL ALTINKÖPRÜ
260
_b
GENÇ HAYAT YAYINLARI
999
_c
852401
_d
852401